| 000 | 00366nam a22001577a 4500 | ||
|---|---|---|---|
| 003 | SGT | ||
| 020 | _a9788185790305 | ||
| 082 |
_a615.321 _bP26K |
||
| 100 | _aKHANDALWAL,K.R. | ||
| 245 | _aPRACTICAL PHARMACOGNOSY | ||
| 260 |
_aPUNE _bNIRALI PRAKASHAN _c2026 |
||
| 300 | _a27.19 | ||
| 650 | _aPHARMACOGNOSY | ||
| 653 | _aPRACTICAL , PHARMACOGNOSY | ||
| 942 |
_2ddc _cBK |
||
| 999 |
_c34793 _d34793 |
||